Hellenic history /

محفوظ في:

المؤلف الرئيسي: Botsford, George Willis, 1862-1917 (مؤلف)

مؤلفون آخرون: Botsford, Jay Barrett, 1893-1938.

التنسيق: كتاب

اللغة: English

منشور في: New York : The Macmillan company, 1922.

الموضوعات:

الوسوم: إضافة وسم

لا توجد وسوم, كن أول من يضع وسما على هذه التسجيلة!

رقم الطلب: DF215 .B74 1922

LEADER 00944namaa2200265 4500
001 12215
003 OSt
005 20240922075928.0
008 130303s1922 nyuab 000 0 eng d
952 |0 0  |1 0  |2 lcc  |4 0  |6 DF0215 B74 01922  |7 1  |9 11528  |a ARCE  |b ARCE  |d 2021-04-03  |l 0  |o DF215 .B74 1922  |p 1006825  |r 2021-04-03 00:00:00  |w 2021-04-03  |y BK 
999 |c 10679  |d 10679 
010 |a 22006185 
040 |c ARCE Library 
043 |a e-gr--- 
050 4 |a DF215 .B74 1922 
100 1 |a Botsford, George Willis,  |d 1862-1917,  |e author 
245 1 0 |a Hellenic history /  |c by George Willis Botsford. 
264 1 |a New York :  |b The Macmillan company,  |c 1922. 
300 |a 8 preliminary leaves, 520 pages :  |b frontispiece, illus., maps ;  |c 22 cm. 
500 |a Editor: J.B. Botsford. "Additional reading" at end of each chapter. 
555 |a .alaa-sweed 
651 0 |a Greece  |x History. 
700 1 |a Botsford, Jay Barrett,  |d 1893-1938. 
901 |a reviewed 
942 |c BK  |2 lcc